000 00439nam a2200193Ia 4500
008 101110s9999 xx 000 0 und d
041 _aMARATHI
082 _bSR13503
100 _aDoshi Ravindra
245 _aAdhunik Bank Vyavsay
365 _b13
520 _aCommerce
546 _aMARATHI
630 _aAdhunik Bank Vyavsay
650 _aCommerce
655 _aCommerce
730 _aAdhunik Bank Vyavsay
942 _cBOOK
999 _c807727
_d807724